Welcome to God's family (Record no. 12625)

000 -LEADER
fixed length control field 00883nam a2200217 a 4500
001 - CONTROL NUMBER
control field :::00010434$&:&@@
003 - CONTROL NUMBER IDENTIFIER
control field OkBaRHE
005 - DATE AND TIME OF LATEST TRANSACTION
control field 20100401165810.0
008 - FIXED-LENGTH DATA ELEMENTS--GENERAL INFORMATION
fixed length control field s1997 g 000 0 eng u
020 ## - INTERNATIONAL STANDARD BOOK NUMBER
International Standard Book Number 0892765283
040 ## - CATALOGING SOURCE
Transcribing agency
100 1# - MAIN ENTRY--PERSONAL NAME
Personal name Hagin, Kenneth E., 1917-2003
245 10 - TITLE STATEMENT
Title Welcome to God's family
Statement of responsibility, etc A foundational Guide for spirit-filled living.
260 ## - PUBLICATION, DISTRIBUTION, ETC. (IMPRINT)
Place of publication, distribution, etc Tulsa, OK.,
Name of publisher, distributor, etc Rhema Bible Church
Date of publication, distribution, etc 1997
300 ## - PHYSICAL DESCRIPTION
Extent 161 p. ;
Dimensions 21 cm.
650 ## - SUBJECT ADDED ENTRY--TOPICAL TERM
Topical term or geographic name as entry element Christian Life
9 (RLIN) 43
942 ## - ADDED ENTRY ELEMENTS (KOHA)
Source of classification or shelving scheme
Koha item type Books
Copies
Copy number Date acquired Source of classification or shelving scheme Barcode Koha item type Collection code Withdrawn status Not for loan Permanent Location Total Checkouts Total Renewals Current Location Lost status Price effective from Damaged status Full call number Shelving location Date last seen Date checked out
12010-04-14 10434Books   RHEMA Bible Training College    2010-04-14 BV 4501 .H3 1997General Stacks2010-04-14 
22011-01-12 14007BooksReference  RHEMA Bible Training College  RHEMA Bible Training College 2011-01-12 BV 4501 .H3General Stacks2011-01-12 
32011-01-12 21713Books   RHEMA Bible Training College11RHEMA Bible Training College 2011-01-12 BV 4501 .H3General Stacks2011-02-162011-01-12